00722 a2200193 4500999001500000010001400015020002300029035001300052037001500065082001200080100001800092245012900110260004900239270005700288300002000345500001900365942003100384952011300415 c5191d5191 aENG-86772 c500.00a8181500369 aEN-70305 bDBAD / PUB14a954.021 aSukhdev Singh1 aThe muslims of Indian origin :cby Sukhdev Singhbduring the Delhi Sultanate emergence, attitudes and role (1192-1526 A.D) / aNew DelhibAravali Books Internationalc2005 aW-30, Okhla Indl. Area, Phase-IIbNew Delhie110 020 a258pc26cm (Hb) aIncludes index adplcEN2ddch954.021mSUK 001040718NFICaDBADbDBADeDBAD/PUBg500.00l0o954.021 SUKpEN-70305r2008-09-15 00:00:00t1v500.00yEN